| Tag |
First Indicator |
Second Indicator |
Subfields |
| LEADER |
00000cas a22000007a 4500 |
| 001 |
in00002415213 |
| 005 |
20151109130223.0 |
| 008 |
790911d19381967dcuar s f0 0eng d |
| 010 |
|
|
|a sn 99034161
|
| 035 |
|
|
|a (OCoLC)ocm05360945
|
| 035 |
|
|
|a (OCoLC)5360945
|
| 040 |
|
|
|a UDI
|c UDI
|d NYG
|d OCL
|d IUL
|d OCLCQ
|d TXA
|d UtOrBLW
|
| 042 |
|
|
|a msc
|
| 043 |
|
|
|a n-us---
|
| 049 |
|
|
|a TXAM
|
| 050 |
1 |
4 |
|a SD421
|b .W545
|
| 086 |
0 |
|
|a A 13.32/2:
|
| 092 |
|
|
|a 634.9618
|b U547
|
| 245 |
0 |
0 |
|a Forest fire statistics /
|c Division of Cooperative Forest Protection, Forest Service, U.S. Dept. of Agriculture.
|
| 264 |
|
1 |
|a Washington, D.C. :
|b The Division.
|
| 300 |
|
|
|a volumes :
|b illustrations ;
|c 26 cm.
|
| 310 |
|
|
|a Annual
|
| 336 |
|
|
|a text
|b txt
|2 rdacontent
|
| 337 |
|
|
|a unmediated
|b n
|2 rdamedia
|
| 338 |
|
|
|a volume
|b nc
|2 rdacarrier
|
| 362 |
1 |
|
|a Began in 1938.
|
| 362 |
0 |
|
|a -1967.
|
| 500 |
|
|
|a Description based on: 1955; title from cover.
|
| 550 |
|
|
|a Prepared by the following divisions of the Forest Service: Division of State Cooperation, 1938-1944; Division of State Cooperative Fire Control, 1945; Division of Cooperative Forest Protection, 1946-1955; Division of Cooperative Forest Fire Control, 1956-1967.
|
| 650 |
|
0 |
|a Forest fires
|z United States
|v Statistics
|v Periodicals.
|
| 650 |
|
0 |
|a Wildfires
|z United States
|v Statistics
|v Periodicals.
|
| 710 |
1 |
|
|a United States.
|b Forest Service.
|b Division of State Cooperation.
|
| 710 |
1 |
|
|a United States.
|b Division of State Cooperative Fire Control.
|
| 710 |
1 |
|
|a United States.
|b Division of Cooperative Forest Protection.
|
| 710 |
1 |
|
|a United States.
|b Division of Cooperative Forest Fire Control.
|
| 780 |
0 |
0 |
|t Forest fire statistics for the United States (exclusive of Alaska)
|w (OCoLC)5360990
|
| 785 |
0 |
0 |
|t Wildfire statistics
|x 0360-8034
|w (DLC) 75649719
|w (OCoLC)2245042
|
| 850 |
|
|
|a InU
|
| 994 |
|
|
|a C0
|b TXA
|
| 999 |
|
|
|a MARS
|
| 999 |
f |
f |
|s 31ba606e-da9d-3709-bbf0-c227cc004442
|i d3b2125b-6a16-31fd-9575-c66ced4d1fc0
|t 0
|
| 952 |
f |
f |
|p normal
|a Texas A&M University
|b College Station
|c Sterling C. Evans Library
|d Evans: US Documents (Annex 5th floor)
|t 0
|e A 13.32/2:
|h Superintendent of Documents classification
|i unmediated -- volume
|k 946
|m A14836989687
|
| 998 |
f |
f |
|a A 13.32/2:
|s 1946
|t 0
|l Evans: US Documents (Annex 5th floor)
|